| 000 | 00996cam a22002655a 4500 | ||
|---|---|---|---|
| 001 | 17700788 | ||
| 005 | 20160117142241.0 | ||
| 008 | 130417t2013 gw frb 000 0 eng d | ||
| 010 | _a2013938167 | ||
| 020 | _a9783642293139 | ||
| 040 |
_aDLC _beng _cDLC _dDLC _dEG-ScBUE |
||
| 043 | _aaw----- | ||
| 082 | 0 | 4 |
_222 _a327.1740956 _bSEL |
| 100 | 1 |
_aSelim, Gamal M. _937308 |
|
| 245 | 1 | 0 |
_aGlobal and regional approaches to arms control in the Middle East : _ba critical assessment from the Arab world / _cGamal M. Selim. |
| 260 |
_aHeidelberg : _bSpringer, _cc.2013. |
||
| 300 |
_ax, 121 p. ; _c24 cm. |
||
| 490 | 0 |
_aSpringerBriefs in environment, security, development and peace., Mediterranean studies ;, v.4. _aMediterranean studies ; _vv. 4. |
|
| 504 | _aIncludes bibliographical references. | ||
| 541 | _aGamal M. Selim. | ||
| 650 | 7 |
_aArms control _zMiddle East. _937307 _2BUEsh |
|
| 651 | _2BUEsh | ||
| 653 |
_bBUSBOL _cJanuary2015 _cJanuary2016 |
||
| 942 |
_2ddc _k327.1740956 SEL |
||
| 999 |
_c18927 _d18899 |
||